000 00736nam a2200241 c 4500
001 000030711
003 RuMoIPM
005 20260602115439.0
008 141106s1965 ru a||||||||||||||||rus d
035 _a(RuMoBEN) 000099827
035 _a(RuMoBEN Bibliobus) 180159
035 _a(RuMoBEN-CBP Bibliobus) 120425
040 _aRuMoBEN
_brus
_ercr
041 _arus
044 _aru
080 _a511(075.8)
100 1 _aВиноградов, Иван Матвеевич
245 0 0 _aОсновы теории чисел
_b[учебное пособие для ун-тов]
_cИ. М. Виноградов
250 _a7-е изд., испр.
260 _aМосква
_bНаука
_c1965
300 _a172 с.
942 _cBK
999 _c30711
_d30711